000
00327nam a22001457a 4500
008
210609b ||||| |||| 00| 0 eng d
020
_a
0323017487
041
_a
eng
080
_2
2nd
_a
616.073
082
_a
616.073
100
_a
6
101
_a
RAD
245
_a
Radiation Therapy
_c
Charles M. Washington
942
_2
udc
_c
BK
999
_c
58105
_d
58105